Влияние модифицирования поверхности титана ВТ 1-0 перед напылением серебросодержащего гидроксиапатита на физико-химические свойства; Современные техника и технологии; Т. 2

Opis bibliograficzny
Parent link:Современные техника и технологии: сборник трудов XX международной научно-практической конференции студентов, аспирантов и молодых ученых, Томск, 14-18 апреля 2014 г./ Национальный исследовательский Томский политехнический университет (ТПУ).— , 2014
Т. 2.— 2014.— [С.83-84]
1. autor: Прямушко Т. С.
Korporacja: Национальный исследовательский Томский политехнический университет (ТПУ) Физико-технический институт (ФТИ) Кафедра теоретической и экспериментальной физики (ТиЭФ)
Kolejni autorzy: Грубова И. Ю. Ирина Юрьевна (научный руководитель), Иванова А. А. Анна Александровна, Сурменев Р. А. Роман Анатольевич
Streszczenie:Заглавие с титульного экрана
Język:rosyjski
Wydane: 2014
Seria:Материаловедение
Hasła przedmiotowe:
Dostęp online:http://earchive.tpu.ru/handle/11683/20761
http://www.lib.tpu.ru/fulltext/c/2014/C01/V2/040.pdf
Format: Elektroniczne Rozdział
KOHA link:https://koha.lib.tpu.ru/cgi-bin/koha/opac-detail.pl?biblionumber=606795

MARC

LEADER 00000naa2a2200000 4500
001 606795
005 20260305143016.0
035 |a (RuTPU)RU\TPU\conf\4174 
035 |a RU\TPU\conf\4173 
090 |a 606795 
100 |a 20140617d2014 k y0rusy50 ca 
101 0 |a rus 
102 |a RU 
135 |a drcn ---uucaa 
181 0 |a i  
182 0 |a b 
200 1 |a Влияние модифицирования поверхности титана ВТ 1-0 перед напылением серебросодержащего гидроксиапатита на физико-химические свойства  |f Т. С. Прямушко, И. Ю. Грубова, А. А. Иванова  |g науч. рук. Р. А. Сурменев 
203 |a Текст  |c электронный 
225 1 |a Материаловедение 
300 |a Заглавие с титульного экрана 
320 |a [Библиогр.: с. 84 (3 назв.)] 
337 |a Adobe Reader 
461 1 |0 (RuTPU)RU\TPU\conf\3687  |t Современные техника и технологии  |o сборник трудов XX международной научно-практической конференции студентов, аспирантов и молодых ученых, Томск, 14-18 апреля 2014 г.  |o в 3 т.  |f Национальный исследовательский Томский политехнический университет (ТПУ)   |d 2014 
463 1 |0 (RuTPU)RU\TPU\conf\3689  |t Т. 2  |v [С.83-84]  |d 2014 
610 1 |a труды учёных ТПУ 
610 1 |a электронный ресурс 
610 1 |a гидроксиапатит 
610 1 |a титан 
610 1 |a физико-химические свойства 
610 1 |a имплантация 
610 1 |a топография 
700 1 |a Прямушко  |b Т. С. 
701 1 |a Грубова  |b И. Ю.  |c физик  |c инженер-исследователь Томского политехнического университета  |f 1989-  |g Ирина Юрьевна  |3 (RuTPU)RU\TPU\pers\30457  |9 14782 
701 1 |a Иванова  |b А. А.  |c физик  |c инженер-исследователь Томского политехнического университета  |g Анна Александровна  |3 (RuTPU)RU\TPU\pers\28588 
702 1 |a Сурменев  |b Р. А.  |c физик  |c старший научный сотрудник Томского политехнического университета, доцент, кандидат физико-математических наук  |f 1982-  |g Роман Анатольевич  |4 727 
712 0 2 |a Национальный исследовательский Томский политехнический университет (ТПУ)  |b Физико-технический институт (ФТИ)  |b Кафедра теоретической и экспериментальной физики (ТиЭФ)  |3 (RuTPU)RU\TPU\col\18726 
801 2 |a RU  |b 63413507  |c 20210310  |g RCR 
856 4 |u http://earchive.tpu.ru/handle/11683/20761 
856 4 |u http://www.lib.tpu.ru/fulltext/c/2014/C01/V2/040.pdf 
942 |c CF